logo

Bir Sreshtho Munshi Abdur Rouf Library
Jhenaidah Cadet College

সবুজ দ্বীপের রাজা / (Record no. 12995)

MARC details
000 -LEADER
fixed length control field 00829nam a2200241 a 4500
001 - CONTROL NUMBER
JCCL Control Number 12995
003 - CONTROL NUMBER IDENTIFIER
JCCL marc code BD-JhCC
005 - DATE AND TIME OF LATEST TRANSACTION
control field 20230612085312.0
008 - FIXED-LENGTH DATA ELEMENTS--GENERAL INFORMATION
fixed length control field 230612b19782017b ||||| ||a| 00| 0 b d
020 ## - INTERNATIONAL STANDARD BOOK NUMBER
International Standard Book Number 9788170669210
035 ## - SYSTEM CONTROL NUMBER
system control number (BD-JhCC)12995
040 ## - CATALOGING SOURCE
Original cataloging agency BD-JhCC
Modifying agency BD-JhCC
041 ## - LANGUAGE CODE
Language code of Book eng
082 ## - DEWEY DECIMAL CLASSIFICATION NUMBER
Classification number 891.443
Author mark and Year GAN 2017
100 ## - MAIN ENTRY--PERSONAL NAME
Personal name গঙ্গোপাধ্যায়, সুনীল
245 ## - TITLE STATEMENT
Title সবুজ দ্বীপের রাজা /
Statement of responsibility, etc সুনীল গঙ্গোপাধ্যায়
260 ## - PUBLICATION, DISTRIBUTION, ETC. (IMPRINT)
Place of publication, distribution, etc কলিকাতা
Name of publisher, distributor, etc আনন্দ পাবলিশার্স প্রাইভেট লি:
Date of publication, distribution, etc 2017
300 ## - PHYSICAL DESCRIPTION
Pagination 128 p. :
Dimensions 18 cm.
600 ## - SUBJECT ADDED ENTRY--PERSONAL NAME
Personal name সবুজ দ্বীপের রাজা /
650 ## - SUBJECT ADDED ENTRY--TOPICAL TERM
Topical term or geographic name as entry element Bengali Novel
Geographic subdivision India
942 ## - ADDED ENTRY ELEMENTS (KOHA)
Source of classification or shelving scheme Dewey Decimal Classification
Koha item type Books
Holdings
Source of classification or shelving scheme Damaged status Not for loan Home library Current library Shelving location Date of accession Source of acquisition Cost, normal purchase price Total Checkouts Full call number Barcode Date last seen Date checked out Copy number Method of acquisition Koha item type Currency
Dewey Decimal Classification     JCC Rouf Library JCC Rouf Library General Stacks 06/12/2023 37th Intake 125.00 1 891.443 GAN 2017 18054 02/11/2024 02/05/2024 C-1 Gift/Donation Books BDT

JCC Library | Contacts | JCC Home

Last Update on 23 September 2017
Copyright @ 2017-2020 JCC Rouf Library
Rouf Library, Jhenidah Cadet College (JCC), Bangladesh